000 01130nam a2200301Ia 4500
005 20170605150114.0
010 _aBAC-EN21 ENG-111956
020 _a9788126512560
_c589.00
020 _a9788126512560
_c669.00 (AV)
035 _aEN-95488
035 _aB-584064-081
035 _aB-669696
037 _bAsian Book Centre/Ven
037 _bDBAD/PUB
082 _a001.424
100 _aRavindran, A.
245 _aOperations research :
_bprinciples and practice /
_cby A. Ravindran, Don T. Phillips [and] James J. Solberg
250 _a2nd ed
260 _c2014(repr.)
_aDelhi
_bJohn Wiley
270 _a4435-36/7, Ansari Road, Daryaganj
_bNew Delhi
_e110002
300 _c24cm(pbk)
_axviii,637p. :
_bill.
500 _aIncludes index
700 _aPhillips, Don T.
700 _aSolberg, James J.
942 _cEN
_2ddc
_mRAV
_h001.424
999 _c88029
_d88029